000 01222cam a2200313 a 4500
001 15412718
005 20081106141946.0
008 080814s2009 inua b 001 0 eng
010 _a 2008036070
015 _aGBA894229
_2bnb
016 7 _a014680712
_2Uk
020 _a9781587054693 (pbk.)
035 _a(OCoLC)ocn229033696
035 _a(OCoLC)229033696
040 _aDLC
_cDLC
_dDLC
050 0 0 _aTK5105.8865
_b.P37 2009
082 0 0 _a004.695
_222
_bPAR
100 1 _aPark, Patrick,
_d1971-
_94425
245 1 0 _aVoice over IP security /
_cPatrick Park.
246 3 _aVoIP security
260 _aIndianapolis, Ind. :
_bCisco Press,
_cc2009.
300 _axix, 361 p. :
_bill. ;
_c23 cm.
440 0 _aCisco Press networking technology series.
_pIP communications
_94426
504 _aIncludes bibliographical references p. 342-344 and index.
650 0 _aInternet telephony
_xSecurity measures.
_94427
942 _2ddc
_cBB
999 _c11455
_d11455